000 00611nam a2200229Ia 4500
003 OSt
005 20220928104226.0
006 a|||||r|||| 00| 0
007 ta
008 220927b |||||||| |||| 00| 0 eng d
024 _a53121
037 _cTextual
040 _aSDCL
_cSDCL
_beng
041 _2eng
_aeng
082 _aV542,94'N7, L7
100 _aPorch Douglas
_9409727
245 0 _aPortuguese armed forces and the revolution.
260 _aLondon
_bCroom Helm
_c1977
300 _a273p.
_ccm.
942 _hV542,94'N7, L7
_cTEXL
_2CC
999 _c725291
_d725291